000 00245nam a2200097Ia 4500
008 230508s2000 xx 000 0 und d
041 _aeng
100 _aPARKER
245 _a500 SOLUTIONS OF PROBLEMS IN ELECT.ENGG
260 _bC.B.S. PUBLI.
_c2000
999 _c322920
_d322920